Statistics for 朝鲜半岛道级行政区划

Click here to take the quiz!

General Stats

  • This quiz has been taken 153 times
    (7 since last reset)
  • The average score is 19 of 27

Answer Stats

区域别称道级% Correct
首尔特别市
100%
岭南釜山广域市
100%
仁川广域市
100%
咸镜北道
86%
关北咸镜南道
86%
世宗特别自治市
86%
关西平壤直辖市
86%
庆尚南道
71%
庆尚北道
71%
大邱广域市
71%
蔚山广域市
71%
济州特别自治道
71%
全罗南道
71%
全北特别自治道
71%
湖南光州广域市
71%
京畿道
71%
忠清南道
57%
关东江原特别自治道
57%
江原道
57%
忠清北道
57%
平安南道
57%
平安北道
57%
海西黄海南道
57%
黄海北道
57%
湖西大田广域市
57%
慈江道
43%
两江道
43%

Score Distribution

Percentile by Number Answered

Percent of People with Each Score

Your Score History

You have not taken this quiz since the last reset